000 00646nam a2200229 a 4500
008
049 9 9 _aMAIN
090 0 0 _aTJ175
_bSHI
100 1 _aShigley, Joseph Edward.
245 1 0 _aDynamic analysis of machines/
_cJoseph Edward Shigley
260 _aNew York,
_bMcGraw-Hill,
_c1961.
300 _a645 p.:
_bill.;
_c24 cm.
440 0 _aMcGraw-Hill series in mechanical engineering
500 _aIncludes index.
650 0 _aMachinery.
650 0 _aDynamics.
907 _a.b10162963
_b10-11-16
_c11-05-05
003
005 20230123134009.0
040 _cNUST
942 _cBOOKS
_kTJ175
_mSHI
999 _c158243
_d158243